01061 am a2200289ua 450000100100000000500170001000800410002702000150006802000180008304000110010104300120011208200210012410000270014524501040017226000530027630000340032950000240036350400320038765100570041965100570047665300250053365500240055870000280058294200210061099900170063195201230064801204025120140302112220.0911023t1991 xxka grb 001 0 eng d a185396106X a9781853961069 aUkcUk ae-uk---04a330.941222bSTA1 aStanworth, John93501110aWork 2000 :bthe future for industry, employment and society /cJohn Stanworth and Celia Stanworth. aLondon :bPaul Chapman Publishing Ltd.,cc.1991. ax, 262 p. :btables ;c24 cm. aIndex : p. 257-262. aBibliography : p . 256-252. 0aGreat BritainxEconomic conditionsy1964-1979933412 0aGreat BritainxEconomic conditionsy1979-1997933413 bBUSECOcFebruary2014 vreading book9342321 aStanworth, Celia935010 2ddck330.941 STA c18004d17976 00102ddc40708Donation-GaMAINbMAINc1STd2014-02-02eDonationl0o330.941 STAp000035558r2025-07-15 00:00:00yBB